000 00731nam a2200265 i 4500
001 C2-0081041
003 PPAK
005 20180727084245.0
008 970429s1990 my a|||| ||||| | may d
020 _a9836214356
040 _aPPAK
_beng
_cPPAK
_erda
082 0 4 _a899.233
_223
090 0 0 _a899.233
_bHAS
_dG
090 0 0 _a899.233
_bHAS
_dKIH
090 0 0 _a899.233
_bHAS
_dKK
100 0 _aHasan Ali,
_d1928-
_eauthor
245 1 0 _aMenembusi tabir besi
264 1 _aKuala Lumpur :
_bDewan Bahasa dan Pustaka ,
_c1990
300 _av, 125 pages :
_billustrations ;
_c18 cm
336 _2rdacontent
_atext
337 _2rdamedia
_aunmediated
338 _2rdacarrier
_avolume
650 1 0 _aMalay fiction.
942 _ddc
_cB
999 _c14406
_d14406